My Singing Monsters - Wublins - Statistics

General Stats
  • This quiz has been taken 153 times
  • The average score is 14 of 20
Answer Stats
Answer % Correct
Brump
89%
Zynth
87%
Poewk
80%
Thwok
78%
Screemu
74%
Whajje
74%
Astropod
71%
Blipsqueak
69%
Bona-Petite
69%
Gheegur
68%
Tympa
68%
Dwumrohl
67%
Pixolotl
67%
Zuuker
67%
Wubbox
66%
Fleechwurm
65%
Maulch
65%
Dermit
61%
Creepuscule
60%
Scargo
58%
No matching quizzes found
Score Distribution
Percent of People with Each Score
Percentile by Number Answered
Your Score History
You have not taken this quiz